00850nam a22002177a 4500999001900000005001700019010001500036020002700051035001300078037001300091082001900104245011800123260003000241270006900271300003200340500005000372700002500422700002200447942003300469952013000502 c100294d10029420230724162303.0 aENG-115257 a9879384082390c1595.00 aEN-98789 bDBAD/PUB a307.1216095414 aUrban development in Howrah:bsocio-economic perspectives/cedited by Mahalaya Chatterjee [and] Anis Mukhopadhyay aDelhibPrimus Booksc2015 aVirat Bhawan, Mukherjee Nagar Commercial ComplexbDellhie110009 axii,413p :bill.c25cm(Hb) aIncludes bibliographical references and index aChatterjee, Mahalaya aMukhopadhyay,Anis 2ddccENmURBh307.1216095414 001040708NFICaNRbNRd2016-06-13eDBAD/PUBg1595.00l0o307.1216095414 URBpEN-98789r2016-06-13 00:00:00t1v1595.00yEN